|
|
|
|
| LEADER |
00000nam0a2200000 4500 |
| 001 |
268543 |
| 005 |
20231101234157.0 |
| 035 |
|
|
|a (RuTPU)RU\TPU\book\291694
|
| 090 |
|
|
|a 268543
|
| 100 |
|
|
|a 20140904d1986 k y0rusy50 ca
|
| 101 |
0 |
|
|a rus
|
| 102 |
|
|
|a UA
|
| 105 |
|
|
|a a z 001zy
|
| 200 |
1 |
|
|a Математическое моделирование электромашинно-вентильных систем
|e [монография]
|f Е. Г. Плахтына
|
| 210 |
|
|
|a Львов
|c Вища школа
|d 1986
|
| 215 |
|
|
|a 164 с.
|c ил.
|
| 320 |
|
|
|a Библиогр.: с. 159-161
|
| 606 |
1 |
|
|a Электромеханические системы
|x Проектирование
|2 stltpush
|3 (RuTPU)RU\TPU\subj\20266
|9 45377
|
| 606 |
1 |
|
|a Электрические машины
|x Математическое моделирование
|2 stltpush
|3 (RuTPU)RU\TPU\subj\27142
|9 50939
|
| 610 |
1 |
|
|a математическое моделирование
|
| 610 |
1 |
|
|a фазные координаты
|
| 610 |
1 |
|
|a вентильные системы
|
| 610 |
1 |
|
|a электрические машины
|
| 610 |
1 |
|
|a алгоритмы
|
| 610 |
1 |
|
|a трансформаторы
|
| 610 |
1 |
|
|a регуляторы
|
| 675 |
|
|
|a 621.31.001.6
|v 3
|
| 675 |
|
|
|a 621.313.001.57
|v 3
|
| 700 |
|
1 |
|a Плахтына
|b Е. Г.
|g Емельян Григорьевич
|
| 801 |
|
1 |
|a RU
|b 63413507
|c 20140904
|
| 801 |
|
2 |
|a RU
|b 63413507
|c 20170220
|g RCR
|
| 942 |
|
|
|c BK
|